000 00314 a2200157 4500
001 70639
020 _a8508063547
040 _cAnchieta - Itaigara
240 1 0 _aOs povos
_lpor
245 1 0 _aOs povos
300 _a125
362 0 _a0
440 1 _aÁtica
650 4 _aCultura das instituições
942 _cBK
999 _c70639
_d70639